000 00445nam a2200193Ia 4500
008 240510s9999 xx 000 0 und d
020 _a0001556155840
041 _aEng
082 _a005.3
082 _bW55
100 _aWOODCOCK J. ED.
245 0 _aRUNNING MICROSOFT WORKS 3 FOR WINDOWS
260 _bWASHINGTON : MICROSOFT
260 _c1994
300 _a577 p.
650 _aMS WORKS : PROGRAMS
942 _2ddc
942 _cLBK
999 _c26380
_d26380
945 _a1
_bMadushi Gamage
_c1
_dMadushi Gamage